[Event "St Petersburg Korchnoi Memorial op"]
[Site "St Petersburg"]
[Date "2023.08.23"]
[Round "8"]
[White "Seleznev, Mikhail V"]
[Black "Etingof, Yury"]
[Result "1/2-1/2"]
[WhiteElo "1966"]
[BlackElo "1720"]
[PlyCount "120"]
[EventDate "2023.08.18"]
[EventType "swiss"]
[EventRounds "9"]
[EventCountry "RUS"]
[SourceTitle "EXT 2024"]
[Source "ChessBase"]
[SourceDate "2023.10.10"]
[SourceVersion "1"]
[SourceVersionDate "2023.10.10"]
[SourceQuality "1"]

1. e4 e5 2. Nf3 Nc6 3. Bc4 Nf6 4. d3 Be7 5. 0-0 d6 6. a3 0-0 7. h3 Be6 8. Nbd2 Qd7 9. Re1 Rfe8 10. c3 Bf8 11. Bxe6 fxe6 12. b4 b5 13. a4 a6 14. Qb3 Rab8 15. Bb2 d5 16. axb5 axb5 17. exd5 exd5 18. Ne4 Kh8 19. Ng3 Bd6 20. Rad1 Nd8 21. Bc1 c6 22. Qc2 Qf7 23. Nf5 Bc7 24. Qd2 Qh5 25. Qg5 Qxg5 26. Nxg5 g6 27. Nh6 Kg7 28. Nf3 Ra8 29. Bg5 Nf7 30. Nxf7 Kxf7 31. Be3 Ra3 32. Ra1 Rea8 33. Rxa3 Rxa3 34. Bd2 Nd7 35. Ng5+ Kg8 36. f4 Ra2 37. Bc1 Bb6+ 38. Be3 h6 39. Ne6 Kf7 40. Bxb6 Kxe6 41. Bd4 Rd2 42. Re3 g5 43. fxe5 Ra2 44. Kf1 Ra8 45. Re2 Ra1+ 46. Kf2 Ra8 47. Kg3 h5 48. Be3 Ra3 49. Bd4 Ra1 50. Re3 Rf1 51. Ba7 Ra1 52. Bd4 Rf1 53. Bc5 Rc1 54. d4 Rc2 55. Rf3 Rc1 56. h4 g4 57. Re3 Rc2 58. Rd3 Kf5 59. Be7 Nb6 60. Bg5 Nc4 1/2-1/2

[Event "St Petersburg Korchnoi Memorial op"]
[Site "St Petersburg"]
[Date "2023.08.20"]
[Round "4"]
[White "Marchuk, Rostislav"]
[Black "Etingof, Yury"]
[Result "1-0"]
[WhiteElo "1998"]
[BlackElo "1720"]
[PlyCount "81"]
[EventDate "2023.08.18"]
[EventType "swiss"]
[EventRounds "9"]
[EventCountry "RUS"]
[SourceTitle "EXT 2024"]
[Source "ChessBase"]
[SourceDate "2023.10.10"]
[SourceVersion "1"]
[SourceVersionDate "2023.10.10"]
[SourceQuality "1"]

1. d4 e6 2. Nf3 Nf6 3. e3 d5 4. Bd3 c5 5. c3 Be7 6. Nbd2 0-0 7. 0-0 b6 8. e4 a5 9. exd5 exd5 10. Ne5 Ba6 11. Bxa6 Nxa6 12. Ndf3 c4 13. Re1 Re8 14. Ng5 Qc8 15. Ngxf7 Ne4 16. f3 Nd6 17. Nxd6 Bxd6 18. Bf4 Qf5 19. Bg3 b5 20. a3 Nc7 21. Qd2 b4 22. axb4 axb4 23. Rxa8 Rxa8 24. Nc6 bxc3 25. bxc3 Qd7 26. Bxd6 Qxd6 27. Ne7+ Kf7 28. Nf5 Qf6 29. Re7+ Qxe7 30. Nxe7 Kxe7 31. Qg5+ Kd6 32. Qxg7 Ra1+ 33. Kf2 Ra2+ 34. Kg3 Rc2 35. Qf6+ Ne6 36. Qe5+ Ke7 37. f4 Rxc3+ 38. Kg4 Kd7 39. Qxd5+ Ke7 40. Qe5 Kd7 41. d5 1-0

[Event "Anapa Sea Harbor Cup"]
[Site "Anapa"]
[Date "2022.06.05"]
[Round "4"]
[White "Etingof, Yury"]
[Black "Voit, Daria"]
[Result "0-1"]
[WhiteElo "1656"]
[BlackElo "2317"]
[PlyCount "70"]
[EventDate "2022.06.02"]
[EventType "swiss"]
[EventRounds "9"]
[EventCountry "RUS"]
[SourceTitle "CBM 208 Extra"]
[Source "ChessBase"]
[SourceDate "2022.07.31"]
[SourceVersion "1"]
[SourceVersionDate "2022.07.31"]
[SourceQuality "1"]

1. e4 c6 2. d4 d5 3. e5 Bf5 4. Nf3 e6 5. Be2 Nd7 6. 0-0 h6 7. Nbd2 Ne7 8. Nb3 Bh7 9. Be3 Nf5 10. a4 Be7 11. a5 b5 12. axb6 axb6 13. c4 dxc4 14. Bxc4 0-0 15. Qd2 Qc7 16. Rfc1 Qb7 17. Qc3 Rxa1 18. Rxa1 Ra8 19. Rc1 c5 20. Be2 Nxe3 21. Qxe3 Be4 22. Nbd2 Bd5 23. Bd3 Ra2 24. b3 cxd4 25. Qf4 Qa8 26. Bb1 Ra1 27. Qxd4 g6 28. h4 Bc5 29. Qf4 Qa3 30. Rf1 Qb2 31. Bd3 Bxf3 32. Qxf3 Nxe5 33. Qe2 Rxf1+ 34. Nxf1 Nxd3 35. Qxd3 Qxf2+ 0-1

[Event "Chigorin Memorial 28th"]
[Site "St Petersburg"]
[Date "2021.10.24"]
[Round "2"]
[White "Popov, Maksim1111"]
[Black "Etingof, Yury"]
[Result "1-0"]
[WhiteElo "2179"]
[BlackElo "1698"]
[PlyCount "59"]
[EventDate "2021.10.23"]
[EventType "swiss"]
[EventRounds "9"]
[EventCountry "RUS"]
[SourceTitle "EXT 2023"]
[Source "ChessBase"]
[SourceDate "2022.10.05"]
[SourceVersion "1"]
[SourceVersionDate "2022.10.05"]
[SourceQuality "1"]

1. b3 e5 2. Bb2 Nc6 3. e3 Nf6 4. Bb5 Bd6 5. Na3 a6 6. Be2 b5 7. c4 b4 8. Nc2 0-0 9. d4 exd4 10. exd4 Re8 11. Nf3 a5 12. 0-0 Ba6 13. Ne3 Bf4 14. d5 Ne5 15. Nf5 c5 16. d6 Re6 17. Ne7+ Kf8 18. Bxe5 Bxe5 19. Nxe5 Rxe5 20. Bf3 Rb8 21. Re1 Re6 22. Rxe6 fxe6 23. g4 Rb6 24. Qd2 Qb8 25. Rd1 Bb7 26. g5 Bxf3 27. gxf6 Bxd1 28. Qg5 g6 29. Qh6+ Ke8 30. Qg7 1-0

[Event "Sochi Lobanov Memorial Blitz"]
[Site "Sochi"]
[Date "2021.06.26"]
[Round "10"]
[White "Zakaryan, David"]
[Black "Etingof, Yury"]
[Result "1-0"]
[WhiteElo "2318"]
[BlackElo "1791"]
[PlyCount "73"]
[EventDate "2021.06.26"]
[EventType "swiss (blitz)"]
[EventRounds "13"]
[EventCountry "RUS"]
[SourceTitle "CBM 203 Extra"]
[Source "ChessBase"]
[SourceDate "2021.09.30"]
[SourceVersion "1"]
[SourceVersionDate "2021.09.30"]
[SourceQuality "1"]

1. d4 Nf6 2. c4 g6 3. h4 Bg7 4. Nc3 0-0 5. e4 d6 6. h5 Nxh5 7. g4 Nf6 8. g5 Ne8 9. Be3 e5 10. d5 f5 11. gxf6 Nxf6 12. Bh3 Nbd7 13. Be6+ Kh8 14. Nh3 Nc5 15. Bxc5 Bxe6 16. dxe6 dxc5 17. Qxd8 Rfxd8 18. Ng5 Kg8 19. Nd5 c6 20. 0-0-0 cxd5 21. exd5 b5 22. d6 bxc4 23. Nf7 Re8 24. d7 Rxe6 25. d8Q+ Rxd8 26. Nxd8 Rb6 27. Rhe1 e4 28. a4 a5 29. Re2 Kf8 30. f3 Bh6+ 31. Kc2 exf3 32. Rf2 Ke7 33. Rxf3 Bg7 34. Re3+ Kf8 35. Ne6+ Kf7 36. Ng5+ Kf8 37. Rd8+ 1-0

[Event "EU-ch U10 27th"]
[Site "Mamaia"]
[Date "2017.09.12"]
[Round "7"]
[White "Etingof, Yury"]
[Black "Khachatryan, Narek S"]
[Result "0-1"]
[WhiteElo "1640"]
[BlackElo "1359"]
[PlyCount "52"]
[EventDate "2017.09.05"]
[EventType "swiss"]
[EventRounds "9"]
[EventCountry "ROU"]
[SourceTitle "CBM 180 Extra"]
[Source "ChessBase"]
[SourceDate "2017.10.06"]
[SourceVersion "1"]
[SourceVersionDate "2017.10.06"]
[SourceQuality "1"]

1. d4 d5 2. Bf4 Nf6 3. Nf3 Bf5 4. c4 e6 5. e3 Bxb1 6. Rxb1 Bb4+ 7. Nd2 Ne4 8. Qa4+ Nc6 9. Rd1 Nxd2 10. Rxd2 Bxd2+ 11. Kxd2 0-0 12. c5 Ne7 13. Bd3 Ng6 14. Bg3 Qe7 15. h4 Rfe8 16. h5 Nf8 17. Bh4 Qd7 18. Qd1 e5 19. g4 exd4 20. exd4 f6 21. h6 g5 22. Bg3 Qe7 23. Qf3 Rad8 24. b4 Ne6 25. Qe3 Qf7 26. Kc3 Nxc5 0-1

[Event "EU-ch U10 27th"]
[Site "Mamaia"]
[Date "2017.09.06"]
[Round "2"]
[White "Makridis, Dimitrios"]
[Black "Etingof, Yury"]
[Result "1/2-1/2"]
[WhiteElo "1288"]
[BlackElo "1640"]
[PlyCount "134"]
[EventDate "2017.09.05"]
[EventType "swiss"]
[EventRounds "9"]
[EventCountry "ROU"]
[SourceTitle "CBM 180 Extra"]
[Source "ChessBase"]
[SourceDate "2017.10.06"]
[SourceVersion "1"]
[SourceVersionDate "2017.10.06"]
[SourceQuality "1"]

1. e4 e5 2. Nf3 Nc6 3. Bb5 a6 4. Ba4 Nf6 5. d3 d6 6. h3 Bd7 7. c3 g6 8. Bg5 Bg7 9. Nbd2 b5 10. Bc2 h6 11. Be3 0-0 12. 0-0 Nh7 13. d4 f5 14. dxe5 Nxe5 15. Nxe5 dxe5 16. Bb3+ Kh8 17. Bc5 Rf6 18. Nf3 Qe8 19. exf5 gxf5 20. Re1 e4 21. Bd4 Rd6 22. Qc1 Bxd4 23. cxd4 Rc8 24. Ne5 Be6 25. Qc3 Nf6 26. d5 Bf7 27. Rad1 Kh7 28. Nxf7 Qxf7 29. Qe5 Nd7 30. Qf4 Nc5 31. Qe3 Nxb3 32. Qxb3 Rcd8 33. Qa3 Qf6 34. Qc5 R8d7 35. Rd4 Qe5 36. b3 Rxd5 37. Rxd5 Qxd5 38. Qf8 Qf7 39. Qc5 Rd2 40. Qa3 Qf6 41. Rc1 Qd6 42. b4 Qb6 43. Qg3 c6 44. Rc5 Rd5 45. Rxd5 cxd5 46. Qe5 Kg6 47. Qxd5 Kf6 48. Qd2 Ke7 49. Qd5 Qe6 50. Qc5+ Kf6 51. Qc3+ Kf7 52. Qc7+ Qe7 53. Qf4 Qf6 54. Qc7+ Kg8 55. Qc8+ Kg7 56. Qc7+ Kg6 57. Qg3+ Kh5 58. Qg8 Qg6 59. Qd5 Kh4 60. Qe5 Qg5 61. Qe8 Qc1+ 62. Kh2 Kg5 63. Qg8+ Kf6 64. Qf8+ Ke5 65. Qe7+ Kd5 66. Qd7+ Ke5 67. Qg7+ Ke6 1/2-1/2